| 000 | 00000nas 2200000zi 4500 |
| 001 | 9.911231 |
| 003 | CaOODSP |
| 005 | 20250217125816 |
| 006 | m o d f |
| 007 | cr ||||||||||| |
| 008 | 220516d19871996onc x m o f0###|0fre|d |
| 022 | |y0835-3980 |
| 040 | |aCaOODSP|bfre|erda|cCaOODSP |
| 041 | |aeng|afre |
| 043 | |an-cn--- |
| 086 | 1 |aEn57-27-PDF |
| 130 | 0 |aSommaire du changement climatique. |
| 245 | 10|aClimate change digest / |cEnvironment Canada. |
| 246 | 15|aSommaire du changement climatique |
| 264 | 1|a[Ottawa] : |bEnvironment Canada = Environnement Canada,|c1987-[1996?] |
| 310 | |aIrrégulier |
| 336 | |atexte|btxt|2rdacontent/fre |
| 337 | |ainformatique|bc|2rdamedia/fre |
| 338 | |aressource en ligne|bcr|2rdacarrier/fre |
| 362 | 1 |aParaît depuis : CCD 87-01. |
| 500 | |aÉdition numérisée de l’imprimé [par Environnement et Changement climatique Canada]. |
| 530 | |aAussi publié en version imprimé. |
| 546 | |aTexte en français et en anglais disposé tête-bêche. |
| 550 | |aPréparé pour le Service de l'environnement atmosphérique. |
| 650 | 6|aClimat|xChangements|zCanada. |
| 650 | 6|aClimatologie. |
| 710 | 1 |aCanada. |bEnvironnement Canada, |eorganisme de publication. |
| 710 | 1 |aCanada. |bService de l'environnement atmosphérique, |eorganisme de publication. |
| 791 | |tClimate change digest / |eeng|w(CaOODSP)9.911208 |